| 000 | 00685nam a22002417a 4500 | ||
|---|---|---|---|
| 003 | UA-OsUOA | ||
| 001 | 37313 | ||
| 007 | ta | ||
| 008 | 20060303b un ||||| |||| 00| 0 ukr d | ||
| 100 | _aШамова І.В. | ||
| 090 |
_a339.727:336.77 _bШ19 |
||
| 942 | _cBK | ||
| 040 |
_aUA-OsUOA _bukr _cUA-OsUOA _dUA-OsUOA |
||
| 245 |
_aГрошово-кредитні системи зарубіжних країн _bНавчальний посібник |
||
| 300 | _a195 с. | ||
| 955 | _a2 | ||
| 041 | _aukr | ||
| 080 | _a339.727:336.77 | ||
| 020 | _a966-574-297-3 | ||
| 260 |
_aК. _bКНЕУ _c2001 |
||
| 650 | 7 |
_a339.7 Міжнародні фінанси _2UDC |
|
| 999 |
_c323511 _d323511 |
||